000 00821nam a2200193 i 4500
001 153601
003 ES-MaACL
005 20251003063133.0
008 950331s1850 fr a |||| | fre d
040 _aEUS
_bspa
_cEUS
100 1 _aDuquesnois, Julien,
_d1797-18?
_9126880
245 1 0 _aManuel de l'orateur et du lecteur et exercicies de récitation intelligente et accentuée
_b: à l'usage des colléges royaux, des grands et petits séminaires et des pensionnants /
_cpar Duquesnois.
250 _a9e éd.
260 _aParis :
_bDelalain,
_c1850 (
_fTypographie de Scheider)
300 _a248 p. :
_bil. ;
_c17 cm.
650 4 _aOratoria.
_915732
852 _aES-MaACL
_jT-1304-F-6
_z-- Enc. hol. conservando la cub. original
_z-- Donativo Bosch
_z-- Enc en un vol. facticio
999 _c153601
_d153601